01957nam a22004335a 450000100060000000300100000600500170001600700020003300800410003502000180007604000430009404100080013704300120014508200270015724000360018424501910022025000180041126401210042930000570055033600260060733700280063333800270066149000380068850400280072665000860075465000380084065000660087865000710094470000340101570000560104970000430110583000450114894200120119394900120120596000220121799900170123995201340125695201330139060516CO-BoRNBP20260217210800.0t220215s2020 ck ao gr 000 0 spa d a9789585183018 aCO-BoBLAbspadCO-BoBLAerdacCO-BoBLA aspa as-ck---04a333.782 bB46 221 ed.10aVichada-Bibliografía regional00aBiodiversidad de la reserva natural Bojonawi, Vichada, Colombia :brío Orinoco y planicie de inundación / ceditores Carlos A. Lasso, Fernando Trujillo, Monica A. Morales-Betancourt. a1a. edición aBogotá :bInstituto de Investigación de Recursos Biológicos Alexander Von Humboldt, Fundación Omacha,c2020. a556 páginas :bilustraciones, gráficas ;c24 cm. atextbtxt2rdacontent aunmediatedbn2rdamedia avolumebnc2rdacarrier1 aSerie Fauna Silvestre Neotropical aIncluye bibliografía. 7aConservación de la diversidad biológicaz Vichada (Colombia).2BLAAUTO968931 7aFauna colombiana.2BLAAUTO968932 7aGestión de ecosistemasz Vichada (Colombia)2BLAAUTO968933 7aParques nacionales y reservasz Vichada (Colombia)2BLAAUTO9689341 aLasso, Carlos A.,eedición.1 aMorales-Betancourt, Mónica A.,eedición.9689351 aTrujillo, Fernando,eedición.9683471 aSerie Fauna Silvestre Neotropical968902 2ddccBK ac bc aNormalizados-2025 c60516d60516 00102ddc40708GENaMEGUAMALbMEGUAMALcGENd2026-02-17l0o333.782 B46 pGUA005051r2026-02-17 21:09:20tEj.1w2026-02-17yBK 00102ddc40708GENaMEDORADObMEDORADOcGENd2026-02-25l0o333.782 B46 pDOR03445r2026-02-25 15:55:25tEj.1w2026-02-25yBK